| 000 | 00371nam a2200157Ia 4500 | ||
|---|---|---|---|
| 003 | OSt | ||
| 005 | 20240306095125.0 | ||
| 008 | 170523s9999 xx 000 0 und d | ||
| 020 | _a978-9351611783 | ||
| 040 | _ciimtu meerut | ||
| 100 | _aMAHESHWARI- SN | ||
| 245 | 0 | _aPRINCIPLES OF MANAGEMENT ACCOUNTING | |
| 260 | _bSULTAN CHAND SONS | ||
| 260 | _c2002 | ||
| 942 |
_2ddc _c02 |
||
| 999 |
_c959 _d959 |
||